[Event "Superbet Classic 2022"]
[Site "Bucharest ROU"]
[Date "2022.05.07"]
[Round "3.3"]
[White "Rapport, Richard"]
[Black "Deac, Bogdan-Daniel"]
[Result "0-1"]
[WhiteTitle "GM"]
[BlackTitle "GM"]
[WhiteElo "2776"]
[BlackElo "2671"]
[WhiteFideId "738590"]
[BlackFideId "1226380"]
[EventDate "2022.05.05"]

1. d4 Nf6 2. c4 e6 3. Nc3 Bb4 4. e3 O-O 5. Ne2 c6 6. a3 Ba5 7. c5 d5 8. cxd6
Qxd6 9. b4 Bb6 10. Bb2 Nbd7 11. Ng3 Rd8 12. Bc4 e5 13. Qb3 exd4 14. Bxf7+ Kh8
15. exd4 Bxd4 16. O-O-O Ne5 17. Nce4 Bxb2+ 18. Qxb2 Nd3+ 19. Rxd3 Qxd3 20. Nxf6
Qd6 21. Nfh5 Qh6+ 22. f4 Bg4 23. Qe5 a5 24. bxa5 Rd7 25. Be8 Rdd8 26. Re1 Kg8
27. Nf5 Bxf5 28. Bf7+ Kxf7 29. Qxf5+ Kg8 30. Re7 Rf8 31. Qe5 Rf7 32. Re6 g6 33.
Nf6+ Kh8 34. g4 Qxh2 35. Rd6 Qh1+ 36. Kc2 Qg2+ 37. Rd2 Qh3 38. Kb2 Qf1 39. Nxh7+
Kg8 40. Ng5 Qxf4 41. Qxf4 Rxf4 42. Rd6 Rxa5 43. Rxg6+ Kh8 44. Ne6 Rf3 45. g5
Raxa3 46. Nd4 Rh3 47. Rd6 Rag3 48. Rd8+ Kh7 49. Rd7+ Kg6 50. Rxb7 Rg2+ 51. Ka1
Ra3+ 52. Kb1 Rd3 0-1